[Event "TUR-chT 2nd League"]
[Site "Konya"]
[Date "2019.07.26"]
[Round "7.14"]
[White "Tutar, Elif"]
[Black "Ocak, Dora Nil"]
[Result "0-1"]
[WhiteElo "1147"]
[BlackElo "1232"]
[PlyCount "110"]
[EventDate "2019.07.22"]
[EventType "team-swiss"]
[EventRounds "9"]
[EventCountry "TUR"]
[SourceTitle "CBM 191 Extra"]
[Source "ChessBase"]
[SourceDate "2019.09.30"]
[SourceVersion "1"]
[SourceVersionDate "2019.09.30"]
[SourceQuality "1"]
[WhiteTeam "Mardin Kale"]
[BlackTeam "Altin Hamle Corum"]
[WhiteTeamCountry "TUR"]
[BlackTeamCountry "TUR"]

1. d4 d5 2. Nf3 Bf5 3. Bf4 Nf6 4. e3 h6 5. h3 e6 6. c4 c6 7. Nc3 Nbd7 8. Bd3 Bxd3 9. Qxd3 dxc4 10. Qxc4 Qb6 11. Qe2 Bb4 12. Bg3 Nd5 13. Qc2 Qa5 14. Rc1 Qxa2 15. 0-0 Nxc3 16. bxc3 Qxc2 17. Rxc2 Be7 18. Rb2 b6 19. Ra1 0-0 20. Ra6 Nb8 21. Bxb8 Rfxb8 22. Rba2 Rb7 23. Ne5 c5 24. Nc6 cxd4 25. cxd4 Bd6 26. Rxa7 Raxa7 27. Rxa7 Rxa7 28. Nxa7 Kf8 29. Nc6 Ke8 30. e4 Kd7 31. d5 Bc5 32. Ne5+ Ke7 33. Kf1 exd5 34. exd5 f6 35. Nd3 Kd6 36. Ke2 Kxd5 37. Kd2 Kd4 38. Kc2 Kc4 39. Nb2+ Kd4 40. Nd3 b5 41. Nf4 Ke4 42. Nd3 Be7 43. Nc1 b4 44. Nb3 f5 45. Nd2+ Kd5 46. Nb3 Bc5 47. Nxc5 Kxc5 48. Kb3 Kd4 49. Kxb4 Kd3 50. Kc5 Ke2 51. f4 Kf2 52. g4 fxg4 53. hxg4 Kf3 54. g5 Kxf4 55. gxh6 gxh6 0-1

[Event "TUR-chT 2nd League"]
[Site "Konya"]
[Date "2019.07.25"]
[Round "6.15"]
[White "Ocak, Dora Nil"]
[Black "Ozer, Melike Busra"]
[Result "0-1"]
[WhiteElo "1232"]
[BlackElo "1058"]
[PlyCount "103"]
[EventDate "2019.07.22"]
[EventType "team-swiss"]
[EventRounds "9"]
[EventCountry "TUR"]
[SourceTitle "CBM 191 Extra"]
[Source "ChessBase"]
[SourceDate "2019.09.30"]
[SourceVersion "1"]
[SourceVersionDate "2019.09.30"]
[SourceQuality "1"]
[WhiteTeam "Altin Hamle Corum"]
[BlackTeam "Kahramanmaras Ustad"]
[WhiteTeamCountry "TUR"]
[BlackTeamCountry "TUR"]

1. e4 e5 2. Nf3 Nc6 3. Bc4 Bc5 4. c3 Nf6 5. d4 exd4 6. cxd4 Bb4+ 7. Nc3 Nxe4 8. 0-0 Bxc3 9. d5 Na5 10. bxc3 0-0 11. Bd3 Nf6 12. Qa4 b6 13. Qh4 h5 14. Bg5 Nb7 15. Bxf6 Qxf6 16. Qxh5 g6 17. Qe5 Qxe5 18. Nxe5 Nc5 19. Rad1 d6 20. Nc4 Bb7 21. Ne3 Rfe8 22. Bc2 Ba6 23. Rfe1 Ne4 24. Bxe4 Rxe4 25. Nc2 Rae8 26. Rxe4 Rxe4 27. Ne3 Ra4 28. Rd2 Ra3 29. c4 Rc3 30. g3 Bxc4 31. Nxc4 Rxc4 32. Kf1 Kg7 33. Ke2 Kf6 34. f4 Kf5 35. h3 Ke4 36. a3 Rc3 37. Kf2 f5 38. a4 Rc5 39. Ke2 Rxd5 40. Rc2 Rc5 41. Rd2 d5 42. Kf2 d4 43. Re2+ Kd5 44. Re5+ Kd6 45. Re2 Rd5 46. Rd2 c5 47. Ke2 c4 48. Kf3 c3 49. Rd1 c2 50. Rc1 d3 51. Ke3 d2 52. Rxc2 0-1